书目信息 |
| 题名: |
儿童健美故事
|
|
| 作者: | ;河北少年儿童出版社 编 | |
| 分册: | ||
| 出版信息: | 石家庄 河北少年儿童出版社 1985 |
|
| 页数: | 85页 | |
| 开本: | 19cm | |
| 丛书名: | 学前教育丛书 | |
| 单 册: | ||
| 中图分类: | I287.5 , G61 | |
| 科图分类: | ||
| 主题词: | 儿童文学-故事--中国--现代 , 故事-儿童文学--中国--现代 , 儿童少年卫生--普及读物 , 教育--各级 | |
| 电子资源: | ||
| ISBN: | ||
| 000 | 00793nam2 2200277 45 | |
| 001 | 1568923591 | |
| 005 | 20150128083154.67 | |
| 010 | @dCNY0.42 | |
| 100 | @a19951109d1985 am y0chiy0121 ea | |
| 101 | 0 | @achi |
| 102 | @aCN@b130000 | |
| 105 | @ay z 000yy | |
| 200 | 10 | @a儿童健美故事@Aer tong jian mei gu shi@f河北少年儿童出版社编 |
| 210 | @a石家庄@c河北少年儿童出版社@d1985 | |
| 215 | @a85页@d19cm | |
| 225 | 2 | @a学前教育丛书 |
| 410 | 0 | @120010@a学前教育丛书 |
| 606 | @a儿童文学-故事@y中国@z现代 | |
| 606 | @a故事-儿童文学@y中国@z现代 | |
| 606 | @a儿童少年卫生@x普及读物 | |
| 606 | 0 | @a教育@x各级 |
| 690 | @aI287.5@v3 | |
| 690 | @aG61@v4 | |
| 711 | 02 | @a河北少年儿童出版社@4编@Ahe bei shao nian er tong chu ban she |
| 801 | 0 | @aCN@bTSSF@c20150128 |
| 905 | @aZUCC@dG61@eJY96 | |
| 儿童健美故事/河北少年儿童出版社编.-石家庄:河北少年儿童出版社,1985 |
| 85页;19cm.-(学前教育丛书) |
| ISBN :CNY0.42 |
| ● |
| 相关链接 |
|
|
|
|
正题名:儿童健美故事
索取号:G61/JY96
 
预约/预借
| 序号 | 登录号 | 条形码 | 馆藏地/架位号 | 状态 | 备注 |
| 1 | 7840176 | 278401766 | 学院路分馆/ [索取号:G61/JY96] | 在馆 | |
| 2 | 7840178 | 278401784 | 学院路分馆/ [索取号:G61/JY96] | 在馆 |